000 00544nam a2200193Ia 4500
005 20250508151319.0
008 008 250505s9999 xx 000 0 eng d
037 _aBooks to be hide in OPAC
040 _aFEDL
_beng
_cFEDL
041 _aeng
_2eng
084 _a001, CUR
_qFEDL
245 0 _aCurrent guide to general knowledge
260 _aNew Delhi, India
_bCareers Institute (Rged.) Publication
_c1954
300 _a296p.
365 _aINR
_b5
650 _aGeneralia
942 _cHB
_h001, CUR
999 _c1329011
_d1329011